[Event "Eastpointe (EDO/1/12)"]
[Site "?"]
[Date "1995.??.??"]
[Round "?"]
[White "Wensink, E."]
[Black "Jointer, William"]
[Result "0-1"]
[WhiteElo "1605"]
[BlackElo "1700"]
[PlyCount "96"]
[EventDate "1995.??.??"]

{1/(12)} 1. e4 c5 2. Bc4 Nc6 3. Nf3 g6 4. O-O Bg7 5. d3 Nf6 6. c3 O-O 7. h3 a6
8. Be3 b5 9. Bb3 d6 10. a3 b4 11. Qd2 a5 12. Bh6 a4 13. Bxg7 Kxg7 14. Bc2 b3
15. Bd1 Bb7 16. Qe3 e6 17. Nbd2 Re8 18. Nc4 d5 19. Nce5 d4 20. Nxc6 Bxc6 21.
cxd4 cxd4 22. Nxd4 Bb7 23. Rc1 Rc8 24. Be2 e5 25. Rxc8 Qxc8 26. Rc1 Qa8 27. Nb5
Ba6 28. Nc3 Rc8 29. Nxa4 Rxc1+ 30. Qxc1 Nxe4 31. dxe4 Bxe2 32. Nc3 Bd3 33. Qe3
Bc2 34. Qc5 f6 35. a4 Qb7 36. f3 Qd7 37. Qd5 Qa7+ 38. Kf1 Qe3 39. Ne2 Bd3 40.
Qd7+ Kh6 41. Qxd3 Qxd3 42. a5 Qb1+ 43. Kf2 Qxb2 44. Ke3 Qa3 45. Kd2 Qxa5+ 46.
Nc3 b2 47. Kc2 Qxc3+ 48. Kxc3 b1=Q 0-1

[Event "Grand Rapids (MI Am/3/5)"]
[Site "?"]
[Date "1995.??.??"]
[Round "?"]
[White "Welch, Joseph"]
[Black "Townsend, Paul"]
[Result "1/2-1/2"]
[WhiteElo "1690"]
[BlackElo "1860"]
[PlyCount "43"]
[EventDate "1995.??.??"]

{3/(5)} 1. e4 e6 2. d4 d5 3. Nc3 dxe4 4. Nxe4 Nf6 5. Ng3 Be7 6. Nf3 O-O 7. Bd3
Bd7 8. Ne5 Bc6 9. O-O Qd5 10. Nf3 Bb5 11. Re1 Nc6 12. b3 Bxd3 13. Qxd3 Rad8 14.
c4 Qd7 15. Bb2 Nb4 16. Qe2 Nc6 17. Red1 Qe8 18. a3 Rd6 19. b4 a6 20. Rd3 Qd8
21. Rad1 Re8 22. Ne5 1/2-1/2

[Event "Grand Rapids (MI Am/2/21)"]
[Site "?"]
[Date "1995.??.??"]
[Round "?"]
[White "Welch, Joseph"]
[Black "Nolan, M."]
[Result "1-0"]
[WhiteElo "1690"]
[BlackElo "1605"]
[PlyCount "59"]
[EventDate "1995.??.??"]

{2/(21)} 1. e4 e5 2. Nf3 Nc6 3. Bb5 Nge7 4. d4 f6 5. d5 a6 6. Ba4 b5 7. Bb3 a5
8. dxc6 a4 9. Bd5 dxc6 10. Bf7+ Kxf7 11. Qxd8 Bb7 12. Qxc7 Ra7 13. Be3 Ra8 14.
Qxb7 Rd8 15. Bb6 Rd6 16. Nbd2 g6 17. Bc5 Re6 18. c4 b4 19. Bxb4 Bh6 20. Qc7 Re8
21. O-O f5 22. Rad1 g5 23. exf5 Rf6 24. Nxe5+ Kg8 25. Ne4 Rxf5 26. Ng4 Bg7 27.
Nd6 Rf4 28. Nxe8 Rxg4 29. Qxe7 Bxb2 30. Nf6+ 1-0

[Event "East Lansing (MI Op/1b/18)"]
[Site "?"]
[Date "1995.??.??"]
[Round "?"]
[White "Welch, Joseph"]
[Black "Evans Sr., Thomas"]
[Result "0-1"]
[WhiteElo "1665"]
[BlackElo "1945"]
[PlyCount "87"]
[EventDate "1995.??.??"]

1. Nf3 b6 2. g3 Bb7 3. Bg2 e5 4. d3 d6 5. e4 Be7 6. Nbd2 Na6 7. O-O Nf6 8. Nc4
Nc5 9. b4 Ne6 10. c3 Ba6 11. Ne3 Qd7 12. Re1 c5 13. bxc5 bxc5 14. c4 O-O 15.
Bb2 Rab8 16. Re2 Nd4 17. Nxd4 cxd4 18. Nd5 Nxd5 19. exd5 f5 20. Rc1 f4 21. Rec2
Qf5 22. Be4 Qh5 23. Bg2 Qh6 24. Qe2 Rxb2 25. Rxb2 f3 26. Qd1 fxg2 27. Kxg2 Bc8
28. Rcb1 Qh3+ 29. Kg1 Bg4 30. Qf1 Qh5 31. Re1 Rf6 32. Re4 Rh6 33. f4 Bf3 34.
fxe5 dxe5 35. Rb8+ Kf7 36. Qf2 Rf6 37. Rh4 Qg5 38. Rb1 Bxd5 39. Qe2 Bf3 40. Qc2
Qe3+ 41. Qf2 Qxd3 42. c5 Qxb1+ 43. Qf1 Qxf1+ 44. Kxf1 {0-1, 45.} 0-1

[Event "East Lansing (MI Op/6/28)"]
[Site "?"]
[Date "1995.??.??"]
[Round "?"]
[White "Welch, Joseph"]
[Black "Aldrich, Jeff"]
[Result "1/2-1/2"]
[WhiteElo "1665"]
[BlackElo "1925"]
[PlyCount "93"]
[EventDate "1995.??.??"]

{6/(28)} 1. e4 c6 2. d4 d5 3. e5 Bf5 4. g4 Be4 5. f3 Bg6 6. h4 h5 7. g5 e6 8.
Be3 Ne7 9. Bh3 Nd7 10. Ne2 c5 11. c3 Qb6 12. Qd2 Qa6 13. Nf4 Bf5 14. Bf1 Qc6
15. Bg2 Rc8 16. O-O Rc7 17. Rc1 f6 18. gxf6 gxf6 19. exf6 Nxf6 20. Qf2 Rg8 21.
Kh1 Ng6 22. Nd2 Bd6 23. Nxg6 Rxg6 24. Bg5 Rcg7 25. f4 Ng4 26. Qf3 Rf7 27. Rf1
c4 28. Rae1 Bd3 29. Qxd5 Qxd5 30. Bxd5 Kd7 31. Bxc4 Bxf1 32. Rxf1 a6 33. Bd3
Rxg5 34. hxg5 Rxf4 35. Rxf4 Bxf4 36. Ne4 Bxg5 37. Be2 Bc1 38. b3 Bb2 39. Bxg4
hxg4 40. Kg2 Kc6 41. Kg3 b5 42. Kxg4 b4 43. c4 Bxd4 44. Kf3 a5 45. Ke2 Bb6 46.
Kd3 e5 47. Nd2 1/2-1/2

[Event "Grand Rapids (MI Am/5/17)"]
[Site "?"]
[Date "1995.??.??"]
[Round "?"]
[White "Waters, T."]
[Black "Pagel, R."]
[Result "1/2-1/2"]
[WhiteElo "1605"]
[BlackElo "1735"]
[PlyCount "62"]
[EventDate "1995.??.??"]

{5/(17)} 1. e4 Nf6 2. e5 Nd5 3. c4 Nb6 4. d4 d6 5. exd6 exd6 6. Nf3 Bg4 7. b3
Nc6 8. Be2 Be7 9. O-O Bf6 10. Bb2 O-O 11. Na3 Re8 12. Nc2 Re7 13. Re1 Qd7 14.
Qd2 Rae8 15. Ne3 Bh5 16. d5 Bxb2 17. Qxb2 Bxf3 18. Bxf3 Ne5 19. Be2 Qd8 20. Nf5
f6 21. Nxe7+ Qxe7 22. Kf1 Nbd7 23. Qc2 Qf7 24. Bd3 Kf8 25. f4 Ng4 26. Rxe8+
Qxe8 27. Re1 Ne3+ 28. Rxe3 Qxe3 29. Bxh7 Qxf4+ 30. Kg1 Qe3+ 31. Kf1 Qf4+
1/2-1/2

[Event "Grand Rapids (MI Am/3/31)"]
[Site "?"]
[Date "1995.??.??"]
[Round "?"]
[White "Waters, T."]
[Black "Nemecek, A."]
[Result "1-0"]
[WhiteElo "1605"]
[BlackElo "1605"]
[PlyCount "125"]
[EventDate "1995.??.??"]

{3/(31)} 1. e4 e5 2. Nf3 Nc6 3. Bb5 a6 4. Ba4 Nf6 5. Nc3 Bc5 6. O-O O-O 7. d3
d5 8. exd5 Nxd5 9. Bxc6 bxc6 10. Nxe5 Bd6 11. Nf3 Nxc3 12. bxc3 Bg4 13. a4 c5
14. Re1 Re8 15. Rxe8+ Qxe8 16. Bd2 Rb8 17. h3 Bxf3 18. Qxf3 Qe5 19. g3 h6 20.
Re1 Qf6 21. Qxf6 gxf6 22. c4 Kg7 23. Kf1 Be5 24. Ke2 Rb2 25. Rc1 Ra2 26. a5 Ra3
27. Rb1 Bc3 28. Rb7 Bxa5 29. Bxa5 Rxa5 30. Rxc7 f5 31. Rc6 h5 32. Kf3 f6 33. h4
Kg6 34. Kf4 Ra2 35. Rxc5 Rxc2 36. Ke3 Ra2 37. Rc7 Ra3 38. Ra7 a5 39. c5 a4 40.
Kd4 Ra1 41. c6 a3 42. Kd5 a2 43. d4 f4 44. gxf4 Kf5 45. Kd6 Ke4 46. c7 Rc1 47.
Rxa2 Rxc7 48. Kxc7 Kxd4 49. Re2 Kd5 50. Kd7 Kd4 51. Re7 Kd3 52. Re1 Kd2 53. Re6
Kd3 54. Kd6 Kd4 55. Re1 Kd3 56. Kd5 Kd2 57. Re3 Kd1 58. Kd4 Kd2 59. Kc4 Kc2 60.
Rd3 f5 61. Rd4 Kb2 62. Rd2+ Ka3 63. Rc2 1-0

[Event "Grand Rapids (MI Am/1/45)"]
[Site "?"]
[Date "1995.??.??"]
[Round "?"]
[White "Waters, T."]
[Black "Atkins, R."]
[Result "0-1"]
[WhiteElo "1605"]
[BlackElo "1605"]
[PlyCount "84"]
[EventDate "1995.??.??"]

{1/(45)} 1. e4 e5 2. Nf3 Nf6 3. Nxe5 Nxe4 4. d4 c5 5. Bd3 cxd4 6. O-O d5 7. Re1
Bf5 8. Bb5+ Nd7 9. Bxd7+ Bxd7 10. f3 Bd6 11. Nxd7 Qxd7 12. fxe4 O-O 13. exd5
Bc5 14. Kh1 Qf5 15. b3 d3 16. c4 Bd4 17. Ba3 Bxa1 18. Bxf8 Kxf8 19. Nd2 Bc3 20.
Rf1 Qe5 21. Nf3 Qe2 22. Ng1 Qxd1 23. Rxd1 d2 24. Nf3 Re8 25. Nxd2 Bxd2 26. g3
Bb4 27. d6 Rd8 28. Rd4 Rxd6 29. Rxd6 Bxd6 30. Kg2 Ke7 31. Kf3 Bc5 32. Ke4 a5
33. a4 h5 34. h3 g6 35. Kd5 Bd6 36. g4 f5 37. gxf5 gxf5 38. Kd4 Kf6 39. Ke3 Kg5
40. Kf3 f4 41. c5 Bxc5 42. h4+ Kf5 0-1

[Event "East Lansing (MOR/5/40)"]
[Site "?"]
[Date "1995.??.??"]
[Round "?"]
[White "Waters, R."]
[Black "Paul, Dennis"]
[Result "1/2-1/2"]
[WhiteElo "1605"]
[BlackElo "1605"]
[PlyCount "75"]
[EventDate "1995.??.??"]

{5/(40)} 1. e4 Nc6 2. d4 Nf6 3. Nc3 e5 4. Nf3 Bb4 5. Bg5 d6 6. dxe5 dxe5 7.
Qxd8+ Nxd8 8. Bxf6 gxf6 9. Be2 f5 10. Bd3 f4 11. Nxe5 Be6 12. Kd2 f6 13. Nf3
Nc6 14. a3 Ba5 15. b4 Bb6 16. Ke2 Bd4 17. Nxd4 Nxd4+ 18. Kd2 O-O-O 19. Kc1 Nb3+
20. cxb3 Rxd3 21. Kc2 Rhd8 22. Nd5 Rd4 23. Rad1 Rxd1 24. Rxd1 c6 25. Ne7+ Kc7
26. Rxd8 Kxd8 27. Nf5 b5 28. Nd4 Bd7 29. Kd3 Kc7 30. a4 bxa4 31. bxa4 c5 32.
bxc5 Bxa4 33. Kc4 a5 34. Ne6+ Kd7 35. Nd4 Kc7 36. Nb5+ Kb7 37. Na3 Kc6 38. g3
1/2-1/2

[Event "East Lansing (MOR/7/30)"]
[Site "?"]
[Date "1995.??.??"]
[Round "?"]
[White "Waters, R."]
[Black "Nikitin, Mike"]
[Result "1/2-1/2"]
[WhiteElo "1605"]
[BlackElo "1605"]
[PlyCount "56"]
[EventDate "1995.??.??"]

{7/(30)} 1. e4 e6 2. d4 d5 3. e5 c5 4. c3 Nc6 5. Nf3 cxd4 6. cxd4 Bb4+ 7. Nc3
a6 8. Bd3 Qb6 9. Bc2 Bd7 10. a3 Be7 11. O-O Nh6 12. Rb1 Nf5 13. Bxf5 exf5 14.
Nxd5 Qd8 15. Nxe7 Nxe7 16. Bg5 h6 17. Be3 Nd5 18. Re1 O-O 19. Rc1 Rc8 20. Qb3
Bc6 21. Re2 Qb6 22. Qxb6 Nxb6 23. Rec2 Nd5 24. Nh4 Bd7 25. Nf3 Rfe8 26. Ne1
Rxc2 27. Rxc2 Rc8 28. Rxc8+ Bxc8 1/2-1/2

[Event "East Lansing (MOR/1a/8)"]
[Site "?"]
[Date "1995.??.??"]
[Round "?"]
[White "Waters, R."]
[Black "McGrath, Michael"]
[Result "0-1"]
[WhiteElo "1605"]
[BlackElo "1730"]
[PlyCount "30"]
[EventDate "1995.??.??"]

1. e4 e5 2. Nf3 d6 3. Bc4 Be7 4. Nc3 Nc6 5. Nd5 Nf6 6. Nxe7 Qxe7 7. d3 Bg4 8.
h3 Bh5 9. Be3 O-O-O 10. g4 Bg6 11. Bb5 Nd4 12. Nxd4 exd4 13. Bg5 d5 14. Bxf6
gxf6 15. f3 Qb4+ 0-1

[Event "East Lansing (MOR/3/19)"]
[Site "?"]
[Date "1995.??.??"]
[Round "?"]
[White "Waters, R."]
[Black "Key_Smith, G."]
[Result "0-1"]
[WhiteElo "1605"]
[BlackElo "1730"]
[PlyCount "56"]
[EventDate "1995.??.??"]

{3/(19)} 1. e4 e6 2. d4 d5 3. exd5 exd5 4. Nf3 Bg4 5. Be2 Bd6 6. Ne5 Bxe2 7.
Qxe2 Ne7 8. Nc3 c6 9. O-O Nd7 10. Nf3 Qc7 11. Be3 O-O-O 12. a3 f6 13. Qd2 g5
14. h3 h5 15. Nxg5 fxg5 16. Bxg5 Rdg8 17. Rae1 Rh7 18. f3 Rhg7 19. Bxe7 Bxe7
20. Re2 Qg3 21. Kh1 Bd6 22. f4 Bc7 23. Rf3 Qh4 24. b3 Nf6 25. Kg1 Ne8 26. Qe3
Qf6 27. Qd2 Nd6 28. Qe1 Qxd4+ 0-1

[Event "East Lansing (Class DE/1/24)"]
[Site "?"]
[Date "1995.??.??"]
[Round "?"]
[White "Ware, C."]
[Black "Woods, O."]
[Result "0-1"]
[WhiteElo "1605"]
[BlackElo "1605"]
[PlyCount "67"]
[EventDate "1995.??.??"]

{1/(24)} 1. d4 e6 2. c4 c6 3. e4 d5 4. Nc3 Bb4 5. Bd2 Ne7 6. Bd3 O-O 7. Nge2 f6
8. O-O e5 9. a3 Ba5 10. b4 Bc7 11. Be3 Be6 12. c5 Nd7 13. Qc2 f5 14. exd5 cxd5
15. dxe5 Bxe5 16. Nd4 Bxd4 17. Bxd4 Nf6 18. f3 Qd7 19. Rfe1 Rae8 20. b5 Ra8 21.
Re5 Ng6 22. Rxf5 Bxf5 23. Bxf5 Qe8 24. g3 Qf7 25. c6 bxc6 26. bxc6 Ne8 27. g4
Nd6 28. Bc5 Nxf5 29. gxf5 Qxf5 30. Qxf5 Rxf5 31. Rc1 Rc8 32. Nb5 Rg5+ 33. Kh1
Rxc6 {[Remainder illegible; 0-1, 60?]} 34. Bxa7 0-1

[Event "East Lansing (Class DE/5/16)"]
[Site "?"]
[Date "1995.??.??"]
[Round "?"]
[White "Ware, C."]
[Black "Sullivant-Jones, W."]
[Result "1-0"]
[WhiteElo "1605"]
[BlackElo "1605"]
[PlyCount "39"]
[EventDate "1995.??.??"]

{5/(16)} 1. d4 d5 2. c4 dxc4 3. Nc3 c6 4. e4 b5 5. a3 Nf6 6. Be2 Nbd7 7. Bf4
Bb7 8. Nf3 Nb6 9. O-O a6 10. Rc1 e6 11. b4 cxb3 12. Qxb3 c5 13. dxc5 Bxc5 14.
Nxb5 Bxf2+ 15. Rxf2 axb5 16. Bxb5+ Nbd7 17. Bc7 Qe7 18. Bxd7+ Kxd7 19. Qb5+ Bc6
20. Qxc6+ 1-0

[Event "East Lansing (Class DE/3/12)"]
[Site "?"]
[Date "1995.??.??"]
[Round "?"]
[White "Ware, C."]
[Black "Prince, S."]
[Result "0-1"]
[WhiteElo "1605"]
[BlackElo "1605"]
[PlyCount "92"]
[EventDate "1995.??.??"]

{3/(12)} 1. d4 Nf6 2. c4 g6 3. e4 Nxe4 4. Bd3 Nf6 5. Nc3 Bg7 6. Be3 d6 7. Nf3
O-O 8. Qc2 c5 9. O-O Nbd7 10. Rad1 Ng4 11. Ne2 b6 12. Be4 Rb8 13. Bc6 e6 14.
Rfe1 Ndf6 15. Bg5 Qc7 16. d5 exd5 17. cxd5 Bf5 18. Qa4 Ne4 19. Bh4 Bxb2 20. h3
Ne5 21. Nxe5 Bxe5 22. g4 Nxf2 23. Kxf2 Bc8 24. Nf4 a6 25. Nd3 Bd4+ 26. Kg2 b5
27. Qc2 Bb7 28. Re7 Qb6 29. Rd7 Bxc6 30. Rxd6 Bxd5+ 31. Rxd5 Qb7 32. Nf4 f6 33.
g5 fxg5 34. Bxg5 Rxf4 35. Bxf4 Qxd5+ 36. Kg3 Rf8 37. Qd2 Bf2+ 38. Kxf2 Qxd2+
39. Rxd2 Rxf4+ 40. Kg3 Rf8 41. Rd6 Rc8 42. Rxa6 c4 43. Kf3 c3 44. Re6 c2 45.
Re1 c1=Q 46. Rxc1 Rxc1 0-1

[Event "East Lansing (MEX/3/4)"]
[Site "?"]
[Date "1995.??.??"]
[Round "?"]
[White "Ward, Tom"]
[Black "Wilson, Vester"]
[Result "0-1"]
[WhiteElo "2215"]
[BlackElo "2080"]
[PlyCount "86"]
[EventDate "1995.??.??"]

{3/(4)} 1. e4 e5 2. d4 exd4 3. Nf3 Bb4+ 4. c3 dxc3 5. bxc3 Bc5 6. Bc4 d6 7. O-O
Nc6 8. Re1 Nge7 9. Bg5 O-O 10. Nbd2 h6 11. Bh4 Qd7 12. Bb5 Ng6 13. Bg3 a6 14.
Ba4 b5 15. Bb3 Na5 16. Bc2 Qe6 17. e5 d5 18. Nb3 Nxb3 19. axb3 c6 20. b4 Bb6
21. Nd4 Qe8 22. Qd3 Be6 23. f4 f5 24. exf6 Rxf6 25. Kh1 Bxd4 26. Qxd4 Qd7 27.
Bxg6 Rxg6 28. Ra2 Bf5 29. Rae2 a5 30. bxa5 Rxa5 31. Re8+ Kh7 32. Qb4 Ra2 33.
Qf8 Rxg3 34. hxg3 Be4 35. Qg8+ Kg6 36. Qe6+ Qxe6 37. Rxe6+ Kf5 38. Rxc6 Bxg2+
39. Kg1 Be4 40. Re3 Kg4 41. Rb6 Rg2+ 42. Kf1 Rxg3 43. Rxg3+ Kxg3 0-1

[Event "East Lansing (MI Op/2/23)"]
[Site "?"]
[Date "1995.??.??"]
[Round "?"]
[White "Ward, Tom"]
[Black "Thomas, Henry"]
[Result "1-0"]
[WhiteElo "2210"]
[BlackElo "1840"]
[PlyCount "62"]
[EventDate "1995.??.??"]

{2/(23)} 1. e4 e5 2. d4 exd4 3. Nf3 Bb4+ 4. c3 dxc3 5. Nxc3 Nf6 6. Bc4 O-O 7.
O-O Bxc3 8. bxc3 Nxe4 9. Re1 Nf6 10. Bg5 d6 11. Qd3 Bg4 12. Re3 Bxf3 13. Rxf3
Nbd7 14. Rh3 Qe8 15. Re3 Ne5 16. Qe2 Nfg4 17. Re4 Qd7 18. Bb3 Rae8 19. Re1 d5
20. Bxd5 Qxd5 21. h3 Nf3+ 22. Qxf3 Rxe4 23. Qxe4 Qxg5 24. hxg4 c6 25. Rb1 Qd8
26. Rxb7 Re8 27. Qb1 h6 28. Rxa7 Qd2 29. Qf5 Re1+ 30. Kh2 Qd6+ 31. g3 Qg6 1-0

[Event "East Lansing (MI Op/4/10)"]
[Site "?"]
[Date "1995.??.??"]
[Round "?"]
[White "Ward, Tom"]
[Black "Moody, David"]
[Result "1-0"]
[WhiteElo "2210"]
[BlackElo "2015"]
[PlyCount "81"]
[EventDate "1995.??.??"]

{4/(10)} 1. e4 e5 2. Bc4 Nf6 3. d3 c6 4. Nf3 d5 5. Bb3 Bd6 6. Nbd2 O-O 7. O-O
Bg4 8. Re1 Nbd7 9. c3 Nc5 10. Bc2 Ne6 11. Nf1 d4 12. h3 Bh5 13. g4 Bg6 14. Ng3
h5 15. g5 h4 16. Nxh4 Nh7 17. Nxg6 fxg6 18. Bb3 Qd7 19. Qg4 Rae8 20. h4 Kh8 21.
Bxe6 Rxe6 22. Bd2 dxc3 23. bxc3 Rxf2 24. Kxf2 Rf6+ 25. Nf5 gxf5 26. Qe2 Rf8 27.
Kg2 fxe4 28. Qxe4 Qc7 29. Rf1 Qb6 30. Rxf8+ Nxf8 31. Rf1 Qb2 32. Rf2 Qxa2 33.
Bf4 Qd5 34. Qxd5 cxd5 35. Bxe5 Bxe5 36. Rxf8+ Kh7 37. Rf7 Bxc3 38. Rxb7 Kg6 39.
Rxa7 Kh5 40. Kh3 Bd4 41. Rd7 1-0

[Event "East Lansing (MI Op/6/3)"]
[Site "?"]
[Date "1995.??.??"]
[Round "?"]
[White "Ward, Tom"]
[Black "Finegold, Mark"]
[Result "0-1"]
[WhiteElo "2210"]
[BlackElo "2245"]
[PlyCount "56"]
[EventDate "1995.??.??"]

{6/(3)} 1. e4 c5 2. Nf3 Nc6 3. d4 cxd4 4. Nxd4 Nf6 5. Nc3 e6 6. Ndb5 Bb4 7. a3
Bxc3+ 8. Nxc3 d5 9. exd5 exd5 10. Qe2+ Be6 11. Bg5 h6 12. Bh4 Qa5 13. Bxf6 gxf6
14. Qb5 Qc7 15. O-O-O O-O-O 16. Qa4 d4 17. Ne4 Rd5 18. Bb5 Qf4+ 19. Nd2 Rc5 20.
Bxc6 Rxc6 21. g3 Qf5 22. Kb1 Kb8 23. Qxd4 Qxc2+ 24. Ka1 Rhc8 25. Qe4 Rb6 26.
Qxc2 Rxc2 27. b4 Ra2+ 28. Kb1 Rxa3 0-1

[Event "East Lansing (MEX/2/5)"]
[Site "?"]
[Date "1995.??.??"]
[Round "?"]
[White "Ward, Tom"]
[Black "Dangremond, Leonard"]
[Result "1-0"]
[WhiteElo "2215"]
[BlackElo "2000"]
[PlyCount "73"]
[EventDate "1995.??.??"]

{2/(5)} 1. e4 e5 2. d4 exd4 3. Qxd4 Nc6 4. Qe3 Nf6 5. Nc3 Bb4 6. Bd2 O-O 7.
O-O-O Re8 8. Qg3 Nxe4 9. Nxe4 Rxe4 10. Bf4 d6 11. Bd3 Re8 12. Nf3 Be6 13. Ng5
h6 14. Ne4 Kh8 15. Bxh6 gxh6 16. Qf4 Kg7 17. h4 Ne5 18. Ng3 Nxd3+ 19. Rxd3 c5
20. Nh5+ Kf8 21. Nf6 Ke7 22. Nxe8 Kxe8 23. Rxd6 Qe7 24. Rhd1 c4 25. R6d4 Bc5
26. Re4 c3 27. Qxh6 cxb2+ 28. Kxb2 Ba3+ 29. Ka1 Qc5 30. Rxe6+ fxe6 31. Qxe6+
Kf8 32. Qf6+ Kg8 33. Rd7 Bb2+ 34. Qxb2 Qf8 35. Qe5 Qh6 36. Qg5+ Qxg5 37. hxg5
1-0

[Event "East Lansing (MEX/5/4)"]
[Site "?"]
[Date "1995.??.??"]
[Round "?"]
[White "Ward, Tom"]
[Black "Cooper, T."]
[Result "1/2-1/2"]
[WhiteElo "2215"]
[BlackElo "2205"]
[PlyCount "30"]
[EventDate "1995.??.??"]

{5/(4)} 1. e4 c6 2. d4 d5 3. e5 Bf5 4. Nc3 Qb6 5. Na4 Qc7 6. Be3 h6 7. g4 Bd7
8. Nc5 e6 9. Nd3 Na6 10. c3 c5 11. f4 cxd4 12. Bxd4 Nc5 13. Nxc5 Bxc5 14. Nf3
Ne7 15. Bd3 g6 1/2-1/2

[Event "East Lansing (Class A/1/2)"]
[Site "?"]
[Date "1995.??.??"]
[Round "?"]
[White "Ward, Tim"]
[Black "Vandivier, Don"]
[Result "1-0"]
[WhiteElo "1910"]
[BlackElo "1950"]
[PlyCount "55"]
[EventDate "1995.??.??"]

{1/(2)} 1. d4 Nf6 2. c4 e6 3. Nc3 d5 4. cxd5 exd5 5. Bg5 Be7 6. Qc2 O-O 7. e3
Re8 8. Bd3 Nc6 9. a3 h6 10. Bxf6 Bxf6 11. Nge2 Bxd4 12. exd4 Nxd4 13. Qd1 Qg5
14. Bh7+ Kxh7 15. Qxd4 c6 16. O-O b6 17. Rfe1 Ba6 18. Qa4 Bxe2 19. Qc2+ g6 20.
Rxe2 Re6 21. Rxe6 fxe6 22. Re1 e5 23. Ne2 Rc8 24. Qc3 c5 25. Qf3 e4 26. Qf7+
Kh8 27. Nf4 Rg8 28. g3 1-0

[Event "East Lansing (MI Op/1b/14)"]
[Site "?"]
[Date "1995.??.??"]
[Round "?"]
[White "Ward, Tim"]
[Black "Steele, G."]
[Result "0-1"]
[WhiteElo "1830"]
[BlackElo "2015"]
[PlyCount "89"]
[EventDate "1995.??.??"]

1. d4 Nf6 2. c4 g6 3. Nc3 d5 4. Nf3 Bg7 5. Qb3 dxc4 6. Qxc4 O-O 7. e4 a6 8. Be3
b5 9. Qb3 Bb7 10. d5 c6 11. Rd1 cxd5 12. Nxd5 Nxd5 13. exd5 Nd7 14. Be2 Nf6 15.
d6 e6 16. O-O Bd5 17. Qa3 Ne4 18. Bd4 Qxd6 19. Qxd6 Nxd6 20. Bxg7 Kxg7 21. b3
Ne4 22. Rc1 Rac8 23. Bd3 Nc3 24. Rc2 Rfd8 25. Ne1 Ne4 26. Rb2 Rc3 27. f3 Nc5
28. Rc2 Rxc2 29. Bxc2 b4 30. Kf2 a5 31. Ke3 a4 32. Nd3 Nxd3 33. Bxd3 axb3 34.
axb3 Rc8 35. Kd4 Rc3 36. Bc4 Bxc4 37. bxc4 Rc2 38. Rg1 Kf6 39. Kd3 Rc3+ 40. Kd4
Ke7 41. Rb1 Rc2 42. Rg1 Kd6 43. Kd3 Rc3+ 44. Kd2 Kc5 45. Rb1 0-1

[Event "East Lansing (MI Op/6/34)"]
[Site "?"]
[Date "1995.??.??"]
[Round "?"]
[White "Ward, Tim"]
[Black "Smith, Daryn"]
[Result "0-1"]
[WhiteElo "1830"]
[BlackElo "1825"]
[PlyCount "58"]
[EventDate "1995.??.??"]

{6/(34)} 1. d4 Nf6 2. c4 g6 3. Nc3 Bg7 4. e4 d6 5. f3 O-O 6. Be3 e5 7. d5 a5 8.
Qd2 Na6 9. h4 b6 10. Bg5 Qe8 11. Nge2 h5 12. Bh6 Bd7 13. Bxg7 Kxg7 14. Ng3 Nc5
15. Nb5 Qc8 16. O-O-O Nh7 17. Bd3 Nxd3+ 18. Qxd3 Nf6 19. Rhf1 Bxb5 20. cxb5 Nd7
21. Kb1 Nc5 22. Qe3 f6 23. f4 exf4 24. Rxf4 Qe8 25. Qe2 Qe5 26. Rdf1 Rae8 27.
Qf2 Nd3 28. Rf5 Nxf2 29. Rxe5 fxe5 0-1

[Event "Troy (TCC/3/9)"]
[Site "?"]
[Date "1995.??.??"]
[Round "?"]
[White "Ward, Tim"]
[Black "Rutkofske, Lonnie"]
[Result "0-1"]
[WhiteElo "1970"]
[BlackElo "1915"]
[PlyCount "82"]
[EventDate "1995.??.??"]

{3/(9)} 1. d4 f5 2. c4 g6 3. g3 Bg7 4. Bg2 Nf6 5. Nc3 c6 6. Nh3 Na6 7. O-O O-O
8. f3 d6 9. b3 e5 10. e3 Qc7 11. Bd2 Qe7 12. Nf2 Nc7 13. dxe5 dxe5 14. e4 Rd8
15. Qc1 Ne6 16. exf5 gxf5 17. Re1 Qc7 18. Bh6 Bh8 19. Qe3 Nh5 20. Bh3 Qf7 21.
Kh1 Qf6 22. Rg1 Kf7 23. g4 f4 24. Qe4 Ng3+ 25. hxg3 Qxh6 26. Qf5+ Ke7 27. Nce4
Nd4 28. Qg5+ Qxg5 29. Nxg5 h6 30. Nge4 Nxf3 31. Rgd1 fxg3 32. Rxd8 Kxd8 33.
Nxg3 Ng5 34. Bg2 Kc7 35. Nge4 Nxe4 36. Bxe4 Be6 37. Rd1 Rf8 38. Kg2 Rf4 39. Kg3
Bf6 40. Rh1 Bg5 41. Rf1 Bxg4 0-1

[Event "Troy (TCC/1/4)"]
[Site "?"]
[Date "1995.??.??"]
[Round "?"]
[White "Ward, Tim"]
[Black "Rajlich, Vasik"]
[Result "0-1"]
[WhiteElo "1970"]
[BlackElo "2220"]
[PlyCount "97"]
[EventDate "1995.??.??"]

{1/(4)} 1. d4 d5 2. c4 e6 3. Nc3 c6 4. cxd5 exd5 5. Bf4 Bd6 6. Bxd6 Qxd6 7. e3
Nh6 8. Bd3 Bf5 9. Bxf5 Nxf5 10. Nf3 Nd7 11. Qd3 Qg6 12. O-O-O a5 13. h4 Nd6 14.
Qxg6 hxg6 15. Rde1 O-O 16. h5 gxh5 17. Rxh5 a4 18. Reh1 f6 19. g4 Kf7 20. Rh7
Rg8 21. a3 b5 22. g5 Nf8 23. R7h2 Ne6 24. gxf6 gxf6 25. Rh7+ Rg7 26. Rxg7+ Kxg7
27. Rh5 Nd8 28. Nh4 Rb8 29. Nf3 N8b7 30. Nd2 Na5 31. Kc2 Rc8 32. Kd3 Kg6 33.
Rh3 Kf5 34. Rf3+ Ke6 35. Rf4 Rh8 36. Na2 Rh1 37. Nb4 Rc1 38. Na2 Rh1 39. Kc2
Re1 40. Nc3 Rg1 41. Ne2 Rg2 42. Nc3 Nf7 43. Ne2 Ng5 44. Kc3 Ke7 45. Rf5 Nb7 46.
Nf4 Rh2 47. Nd3 Nd6 48. Rf4 Rg2 49. Ne1 0-1

[Event "Troy (US Am N/2/24)"]
[Site "?"]
[Date "1995.??.??"]
[Round "?"]
[White "Ward, Tim"]
[Black "Nowicki, B."]
[Result "1-0"]
[WhiteElo "1970"]
[BlackElo "1605"]
[PlyCount "77"]
[EventDate "1995.??.??"]

{2/(24)} 1. d4 d5 2. c4 Nf6 3. cxd5 Nxd5 4. e4 Nb6 5. Nf3 e6 6. Bd3 Be7 7. Nc3
O-O 8. Bf4 f6 9. O-O c6 10. Re1 g5 11. Be3 N8d7 12. e5 f5 13. Qb3 Nd5 14. Nxd5
cxd5 15. h3 Qe8 16. Bxg5 Bxg5 17. Nxg5 Qg6 18. Nf3 Kh8 19. Kh2 Rg8 20. g3 b6
21. Rac1 Qh5 22. Be2 Qe8 23. Bb5 a6 24. Be2 b5 25. Qe3 Nb6 26. b3 Bd7 27. Nh4
Qe7 28. Rc7 Qd8 29. Rec1 Rf8 30. Qh6 Rg8 31. Bh5 Qg5 32. Qxg5 Rxg5 33. Be2 Rgg8
34. Rb7 Rgb8 35. Rcc7 Bc8 36. Rxh7+ Kg8 37. Rbg7+ Kf8 38. Ng6+ Ke8 39. Rh8# 1-0

[Event "Troy (US Am N/4/21)"]
[Site "?"]
[Date "1995.??.??"]
[Round "?"]
[White "Ward, Tim"]
[Black "Koernke, R."]
[Result "0-1"]
[WhiteElo "1970"]
[BlackElo "1605"]
[PlyCount "49"]
[EventDate "1995.??.??"]

{4/(21)} 1. d4 d5 2. c4 c6 3. cxd5 cxd5 4. Nc3 Nf6 5. Nf3 Nc6 6. a3 Bf5 7. e3
e6 8. Bd3 Bxd3 9. Qxd3 Be7 10. O-O O-O 11. Bd2 a6 12. Rfe1 Bd6 13. e4 dxe4 14.
Nxe4 Be7 15. Bg5 Nxe4 16. Bxe7 Nxf2 17. Kxf2 Nxe7 18. Rac1 Qb6 19. Kf1 Nf5 20.
Qc3 Rfd8 21. Qc5 Qxb2 22. Rc2 Qb5+ 23. Qxb5 axb5 24. Re5 Rd7 25. Rxb5 0-1

[Event "East Lansing (MI Op/3/17)"]
[Site "?"]
[Date "1995.??.??"]
[Round "?"]
[White "Ward, Tim"]
[Black "Foote, F."]
[Result "0-1"]
[WhiteElo "1830"]
[BlackElo "2045"]
[PlyCount "96"]
[EventDate "1995.??.??"]

{3/(17)} 1. d4 Nf6 2. c4 e6 3. Nc3 Bb4 4. f3 d5 5. cxd5 exd5 6. e3 O-O 7. Bd3
c5 8. Nge2 Nc6 9. O-O cxd4 10. exd4 Re8 11. Bg5 Be7 12. a3 h6 13. Bh4 Be6 14.
b4 Rc8 15. Na4 Nd7 16. Bxe7 Qxe7 17. Qd2 Qf6 18. Bb5 a6 19. Bxc6 Rxc6 20. Rac1
Rec8 21. Rxc6 Rxc6 22. Nc5 Nb6 23. Nxb7 Nc4 24. Qc1 Bf5 25. Nc5 Qh4 26. Qc3 Rg6
27. Ng3 Qg5 28. f4 Qg4 29. Qf3 Qxf3 30. Rxf3 Bc8 31. Kf2 Rb6 32. Na4 Rb8 33.
Nf1 a5 34. Rb3 Bf5 35. Rg3 axb4 36. axb4 Rxb4 37. Nc3 Rb2+ 38. Kg1 Be4 39. Nxe4
dxe4 40. Rc3 Rb4 41. d5 f5 42. Ne3 Nxe3 43. Rxe3 Rd4 44. g4 fxg4 45. d6 Kf7 46.
Rg3 h5 47. h3 Rd3 48. d7 Rxg3+ 0-1